00875cam 22002771 4500001000800000005001700008008004100025035002100066906004500087010001700132035001900149040001700168050002000185082001100205100002700216245005200243260004300295300005200338490002300390500003900413650001600452740003500468985002100503991004800524099002500572748267620030723094905.0750407s1959 xx 000 0 eng  9(DLC) 59016149 a7bcbccoclcrplduencipf19gy-gencatlg a 59016149  a(OCoLC)1260340 aDLCcFOdDLC00aTT870b.H6 1959 a745.541 aHonda, Isao,db. 1888.10aHow to make origami;bthe art of paper folding. aNew York,bMcDowell, Obolenskyc[1959] a37 p.bcol. illus. (part fold. mounted)c26 cm.0 aAn Astor book,v#1 a16 sheets of col. paper in pocket. 0aPaper work.0 aJapanese art of paper folding. eOCLC REPLACEMENT bc-GenCollhTT870i.H6 1959tCopy 1wOCLCREP ahonda-how-1071929753